Campeones del futbol peruano (era profesional) - Estadísticas

Estadísticas generales
  • Esta prueba ha sido intentada 360 veces
    71 desde el último reinicio
  • La puntuación promedio es 88 de 99
Estadísticas de respuestas
Año Campeón % Correcto
1927 Alianza Lima
100%
1928 Alianza Lima
100%
1931 Alianza Lima
100%
1932 Alianza Lima
100%
1933 Alianza Lima
100%
1948 Alianza Lima
100%
1952 Alianza Lima
100%
1954 Alianza Lima
100%
1955 Alianza Lima
100%
1962 Alianza Lima
100%
1963 Alianza Lima
100%
1965 Alianza Lima
100%
1975 Alianza Lima
100%
1977 Alianza Lima
100%
1978 Alianza Lima
100%
1997 Alianza Lima
100%
2001 Alianza Lima
100%
2003 Alianza Lima
100%
2004 Alianza Lima
100%
2006 Alianza Lima
100%
2017 Alianza Lima
100%
2021 Alianza Lima
100%
2022 Alianza Lima
100%
1929 Universitario
100%
1934 Universitario
100%
1939 Universitario
100%
1941 Universitario
100%
1945 Universitario
100%
1946 Universitario
100%
1949 Universitario
100%
1959 Universitario
100%
1960 Universitario
100%
1964 Universitario
100%
1966 Universitario
100%
1967 Universitario
100%
1969 Universitario
100%
1971 Universitario
100%
1974 Universitario
100%
1982 Universitario
100%
1985 Universitario
100%
1987 Universitario
100%
1990 Universitario
100%
1992 Universitario
100%
1993 Universitario
100%
1998 Universitario
100%
1999 Universitario
100%
2000 Universitario
100%
2009 Universitario
100%
2013 Universitario
100%
2023 Universitario
100%
2024 Universitario
100%
2025 Universitario
100%
1956 Sporting Cristal
97%
1961 Sporting Cristal
97%
1968 Sporting Cristal
97%
1970 Sporting Cristal
97%
1972 Sporting Cristal
97%
1979 Sporting Cristal
97%
1980 Sporting Cristal
97%
1983 Sporting Cristal
97%
1988 Sporting Cristal
97%
1991 Sporting Cristal
97%
1994 Sporting Cristal
97%
1995 Sporting Cristal
97%
1996 Sporting Cristal
97%
2002 Sporting Cristal
97%
2005 Sporting Cristal
97%
2012 Sporting Cristal
97%
2014 Sporting Cristal
97%
2016 Sporting Cristal
97%
2018 Sporting Cristal
97%
2020 Sporting Cristal
97%
1981 Melgar
86%
2015 Melgar
86%
1935 Sport Boys
86%
1937 Sport Boys
86%
1942 Sport Boys
86%
1951 Sport Boys
86%
1958 Sport Boys
86%
1984 Sport Boys
86%
2019 Binacional
72%
2011 Juan Aurich
69%
2007 Universidad San Martin
64%
2008 Universidad San Martin
64%
2010 Universidad San Martin
64%
1938 Deportivo Municipal
58%
1940 Deportivo Municipal
58%
1943 Deportivo Municipal
58%
1950 Deportivo Municipal
58%
1986 San Agustín
44%
1976 Unión Huaral
44%
1989 Unión Huaral
44%
1944 Mariscal Sucre
42%
1953 Mariscal Sucre
42%
1926 Sport Progreso
42%
1930 Atlético Chalaco
39%
1947 Atlético Chalaco
39%
1973 Defensor Lima
39%
1957 Centro Iqueño
36%
No se encontraron pruebas coincidentes
Distribución de puntuación
Porcentaje de gente con cada puntuación
Porcentaje por número respondido
Historial de tus puntuaciones
No has intentado esta prueba desde el último reinicio